| 000 | 00351 a2200133 4500 | ||
|---|---|---|---|
| 001 | 93020 | ||
| 082 | _aPR 2377 | ||
| 090 |
_c44657 _d44658 |
||
| 100 | _aAdeel, Prof Asad Ikram (Advisor) | ||
| 245 |
_aStudy of Development of Generic Strap Down Inertial Kit _n60'B' EC |
||
| 260 |
_aIslamabad _cNUST |
||
| 300 | _av,97p. | ||
| 500 | _aBE Project Report | ||
| 942 |
_aCAE NUST _kPR 2377 |
||
| 999 |
_c328093 _d328093 |
||